[Event "BRA-ch 90th"]
[Site "Natal"]
[Date "2024.12.17"]
[Round "7"]
[White "Pinto, Clarice Cunha"]
[Black "De Macedo, Laura Barbosa"]
[Result "0-1"]
[WhiteElo "1773"]
[BlackElo "1566"]
[PlyCount "150"]
[EventDate "2024.12.13"]
[EventType "swiss"]
[EventRounds "11"]
[EventCountry "BRA"]
[SourceTitle "CB52_2024"]
[SourceDate "2024.12.25"]
[SourceVersion "1"]
[SourceVersionDate "2024.12.25"]
[SourceQuality "1"]

1. e4 c5 2. Nf3 d6 3. d4 cxd4 4. Nxd4 Nf6 5. Nc3 a6 6. f3 e5 7. Nb3 Be6 8. Be3 Be7 9. Qd2 b5 10. 0-0-0 Nbd7 11. Kb1 Rb8 12. g4 Nb6 13. g5 Nfd7 14. h4 Bc4 15. Qf2 Qc7 16. h5 f6 17. gxf6 Bxf6 18. h6 g6 19. f4 exf4 20. Bxf4 Ne5 21. Bg3 Rf8 22. Bxe5 Bxe5 23. Qd2 Bf4 24. Qd4 Bxh6 25. Bxc4 Bg7 26. Rxh7 Bxd4 27. Rxc7 Bxc3 28. Bxb5+ axb5 29. Rxc3 Rf6 30. Rcd3 Nc4 31. Nc1 Ke7 32. Ne2 g5 33. Nc3 Kf7 34. a3 g4 35. Rd5 Ne3 36. Nxb5 Nxd1 37. Nxd6+ Rxd6 38. Rxd6 Nc3+ 39. Kc1 Nxe4 40. Rd4 Re8 41. Kd1 g3 42. Ke2 Ng5+ 43. Kf1 Kf6 44. Rd3 Ne4 45. Kg2 Kg5 46. c4 Rh8 47. Kf3 Nc5 48. Rd5+ Kh4 49. Rxc5 Rf8+ 50. Ke3 g2 51. Rc7 g1Q+ 52. Ke4 Qe1+ 53. Kd4 Rd8+ 54. Kc5 Qe5+ 55. Kc6 Qd6+ 56. Kb7 Qd4 57. Rh7+ Kg5 58. Rc7 Qe4+ 59. Kb6 Rb8+ 60. Kc5 Qe5+ 61. Kc6 Rd8 62. Rd7 Rc8+ 63. Kb7 Qb8+ 64. Ka6 Rc6+ 65. Ka5 Qb6+ 66. Ka4 Rxc4+ 67. b4 Rxb4+ 68. axb4 Qc6+ 69. b5 Qxd7 70. Ka5 Qb7 71. Ka4 Kf5 72. Ka5 Ke5 73. Ka4 Kd5 74. Ka5 Kc4 75. Ka4 Qxb5+ 0-1

[Event "BRA-ch 90th"]
[Site "Natal"]
[Date "2024.12.15"]
[Round "4"]
[White "De Araujo, Antonio Jose"]
[Black "Pinto, Clarice Cunha"]
[Result "1-0"]
[WhiteElo "1660"]
[BlackElo "1773"]
[PlyCount "153"]
[EventDate "2024.12.13"]
[EventType "swiss"]
[EventRounds "11"]
[EventCountry "BRA"]
[SourceTitle "CB52_2024"]
[SourceDate "2024.12.25"]
[SourceVersion "1"]
[SourceVersionDate "2024.12.25"]
[SourceQuality "1"]

1. Nf3 d5 2. d4 Nf6 3. g3 Bf5 4. c3 e6 5. Nbd2 Nc6 6. Bg2 Bd6 7. Nh4 Ne7 8. Nxf5 Nxf5 9. 0-0 0-0 10. Nf3 c6 11. Bg5 h6 12. Bxf6 Qxf6 13. Nd2 Ne7 14. e4 Qg6 15. e5 Bc7 16. f4 f6 17. Nf3 fxe5 18. fxe5 b5 19. Qe2 Bb6 20. Nh4 Rxf1+ 21. Rxf1 Qe8 22. Qg4 Qd7 23. Bh3 Kh8 24. Qxe6 Qxe6 25. Bxe6 Re8 26. Bh3 Nc8 27. b4 Ne7 28. a3 g5 29. Nf5 Nxf5 30. Rxf5 Kg7 31. Rf6 Rxe5 32. Rxc6 Re1+ 33. Kf2 Ra1 34. Bf1 Rxa3 35. Bxb5 Ra2+ 36. Be2 Rc2 37. b5 Kf7 38. Ke3 Ba5 39. Kd3 Ra2 40. Ke3 Ra3 41. Kd2 Rb3 42. Kc2 Ra3 43. Kb2 Ra4 44. Rxh6 Bb6 45. Rd6 Ra5 46. Rxd5 Kf6 47. g4 Bc7 48. h3 Bf4 49. Rf5+ Ke6 50. Bc4+ Kd6 51. Rf6+ Ke7 52. Ra6 Rxa6 53. bxa6 Kd6 54. Kb3 Kc6 55. Bd3 Kb6 56. d5 Kc5 57. Bc4 Bd6 58. Bf1 Kxd5 59. c4+ Kc5 60. Bg2 Bf4 61. Bd5 Be5 62. Kc2 Bd6 63. Kd3 Be5 64. Ke4 Bd6 65. Kf5 Kb6 66. Kxg5 Kxa6 67. Kf6 Bc7 68. g5 Bd8+ 69. Kf5 Be7 70. h4 Bf8 71. h5 Kb6 72. h6 Bxh6 73. gxh6 a5 74. h7 a4 75. h8Q a3 76. Qf6+ Ka7 77. Ke6 1-0

[Event "BRA-ch 90th"]
[Site "Natal"]
[Date "2024.12.14"]
[Round "3"]
[White "Pinto, Clarice Cunha"]
[Black "Macedo, Alexandre Soares"]
[Result "0-1"]
[WhiteElo "1773"]
[BlackElo "1843"]
[PlyCount "118"]
[EventDate "2024.12.13"]
[EventType "swiss"]
[EventRounds "11"]
[EventCountry "BRA"]
[SourceTitle "CB52_2024"]
[SourceDate "2024.12.25"]
[SourceVersion "1"]
[SourceVersionDate "2024.12.25"]
[SourceQuality "1"]

1. e4 e5 2. Nf3 Nf6 3. Bc4 Nc6 4. d3 h6 5. 0-0 d6 6. c3 Be7 7. h3 Na5 8. Bb5+ c6 9. Ba4 b5 10. Bc2 Qc7 11. d4 Be6 12. b3 Rd8 13. Re1 0-0 14. Nbd2 Kh7 15. Nf1 Ng8 16. Ng3 g6 17. Nf5 Bf6 18. Ng3 Bc8 19. Qe2 Rde8 20. Be3 Nb7 21. c4 bxc4 22. bxc4 c5 23. d5 Bg7 24. Rab1 f5 25. exf5 gxf5 26. Nh5 Nf6 27. Nxf6+ Rxf6 28. Nh4 Qe7 29. Qh5 Ref8 30. Bg5 Qf7 31. Qxf7 R6xf7 32. Bd2 e4 33. f3 Bf6 34. g3 Bxh4 35. gxh4 exf3 36. Rf1 Rg7+ 37. Kf2 Rg2+ 38. Ke3 Na5 39. Bxf5+ Bxf5 40. Bxa5 Bxb1 41. Rxb1 Re2+ 42. Kd3 Rxa2 43. Bc7 Ra6 44. Rf1 Rf7 45. Bd8 Ra3+ 46. Kd2 Kg6 47. Rg1+ Kf5 48. Rf1 Ke4 49. Re1+ Kd4 50. Rc1 Re3 51. Ba5 f2 52. Rf1 Ra3 53. Bd8 Ra2+ 54. Kc1 Ra1+ 55. Kd2 Rxf1 56. Bg5 Ra1 57. Be3+ Ke4 58. Bxf2 Rxf2+ 59. Kc3 Ra3# 0-1

[Event "BRA-ch 90th"]
[Site "Natal"]
[Date "2024.12.13"]
[Round "1"]
[White "Pinto, Clarice Cunha"]
[Black "Da Silva, Igor Fernandes"]
[Result "0-1"]
[WhiteElo "1773"]
[BlackElo "1904"]
[PlyCount "44"]
[EventDate "2024.12.13"]
[EventType "swiss"]
[EventRounds "11"]
[EventCountry "BRA"]
[SourceTitle "CB52_2024"]
[SourceDate "2024.12.25"]
[SourceVersion "1"]
[SourceVersionDate "2024.12.25"]
[SourceQuality "1"]

1. e4 c5 2. Nf3 d6 3. d4 cxd4 4. Nxd4 Nf6 5. Nc3 a6 6. f3 e5 7. Nb3 Be6 8. Be3 Be7 9. Qd2 Nbd7 10. 0-0-0 b5 11. g4 Nb6 12. Kb1 0-0 13. h4 Nc4 14. Bxc4 bxc4 15. Nc1 Rb8 16. Nd5 Bxd5 17. exd5 Qc7 18. Rh2 c3 19. Qd3 Rxb2+ 20. Ka1 Qa5 21. h5 Rfb8 22. Qc4 Rb1# 0-1